Počítače a programovanie programovanie v jazyku PASCAL

Saved in:
Bibliographic Details
Main Author: Molnár, Ľudovít
Format: Book
Language:Slovak
Published: Bratislava Alfa 1989
Edition:2. vyd.
Series:Edícia výpočtovej techniky
Tags: Add Tag
No Tags, Be the first to tag this record!

MARC

LEADER 00000nam a2200000 4500
001 c027962
005 20221215071121.1
041 0 |a slo 
044 |a SK 
245 1 0 |a Počítače a programovanie  |b programovanie v jazyku PASCAL  |c Ľudovít Molnár 
250 |a 2. vyd. 
264 1 |a Bratislava  |b Alfa  |c 1989 
300 |a 158 s. 
490 1 |a Edícia výpočtovej techniky 
830 0 |a Edícia výpočtovej techniky 
100 1 |a Molnár, Ľudovít